| 000 | 00738nam a2200229 a 4500 | ||
|---|---|---|---|
| 005 | 20140310183623.0 | ||
| 008 | 120906s19uu xx 00 eng d | ||
| 020 | _a9780230111066 | ||
| 050 |
_aHD 62.25 _b.Ar758 2011 |
||
| 100 | _aAronoff, Craig E. | ||
| 245 |
_aFamily business governance : _bmaximizing family and business potential. _cCraig E. Aronoff. |
||
| 260 |
_aNew York : _bPalgrave Macmillan, _c2011. |
||
| 300 |
_a94 p. : _bill. ; _c21 cm. |
||
| 440 | _aFamily Business Leadership Series | ||
| 500 | _aIncludes index. | ||
| 521 | _aBSBA | ||
| 650 |
_aFamily corporations _xManagement |
||
| 650 |
_aFamily-owned business enterprises _xManagement |
||
| 700 | _aWard, John L. | ||
| 942 |
_cBK _2lcc _kFOR |
||
| 999 |
_c25435 _d25435 |
||